000 00531ntaaa2200193 4500
003 01
005 20251027202556.0
008 0714s1973 ag 01
020 _a9500905558
040 _aAR-BaBN
_bspa
_cAR-BaBN
_eaacr
_dRIC
082 _a302.2300 H17h
100 _aHamelink, Cees J
_919845
245 _aHacia una autonomia cultural en las comunicaciones mundiales
250 _a1 ed.
260 _aBuenos Aires :
_bPaulinas,
_c1985
300 _a175 p ;
_cilu. : 21 cm
650 _aComunicación para las masas
942 _cBK
999 _c20849
_d20849